000
00323nam a22001457a 4500
003
SGT
020
_a
978-93-86896-02-5
082
_a
610.73678
_b
M19M
100
_a
MAGON, SHALLY
245
_a
TB. OF MIDWIFERY AND OBSTETRICS
250
_a
4TH
260
_a
INDIA
_b
LOTUS
_c
2019
300
_a
1095
942
_2
ddc
_c
BK
_0
218
999
_c
16547
_d
16547